000
00300nam a2200109 4500
999
_c
9877
_d
9877
008
180720b ||||| |||| 00| 0 eng d
245
_a
Tourists start exploring DavSur destinations.
260
_a
Davao City
_b
Sun Star Davao
_c
c2017
300
_a
page 15.
650
0
_9
29197
_a
Tourism.
942
_2
ddc
_c
PER